[Event "83rd YMCA Autumn B"]
[Site "Warszawa"]
[Date "2010.10.14"]
[Round "4"]
[White "Suchocki, Tomasz"]
[Black "Grochulski, Grzegorz"]
[Result "1-0"]
[WhiteElo "1976"]
[BlackElo "2018"]
[PlyCount "73"]
[EventDate "2010.09.23"]
[EventType "tourn"]
[EventRounds "1"]
[EventCountry "POL"]
[SourceDate "2010.10.05"]

1. d4 e6 2. Nf3 b6 3. e4 Bb7 4. Bd3 d6 5. O-O Ne7 6. c4 Nd7 7. Nc3 h6 8. Be3 g6
9. Qd2 Bg7 10. b4 Kf8 11. Ne1 Kg8 12. Nc2 Kh7 13. f3 a6 14. a4 c5 15. Rac1 Nc6
16. dxc5 dxc5 17. bxc5 Nxc5 18. Rcd1 Nxd3 19. Qxd3 Qxd3 20. Rxd3 Ne5 21. Rd6
Nxc4 22. Rd7 Nxe3 23. Nxe3 Rhf8 24. Rxb7 Bxc3 25. Rd1 Rab8 26. Ra7 b5 27. Rxa6
b4 28. Rd7 b3 29. Nd1 b2 30. Nxc3 Rfc8 31. Nb1 Rc1+ 32. Kf2 h5 33. Rxf7+ Kh6
34. Na3 Rb3 35. h4 Rxa3 36. Raa7 g5 37. Rf6# 1-0

[Event "83rd YMCA Autumn B"]
[Site "Warszawa"]
[Date "2010.10.14"]
[Round "4"]
[White "Kielar, Maciej"]
[Black "Skladzien, Romuald"]
[Result "1-0"]
[WhiteElo "2029"]
[BlackElo "1937"]
[PlyCount "21"]
[EventDate "2010.09.23"]
[EventType "tourn"]
[EventRounds "1"]
[EventCountry "POL"]
[SourceDate "2010.10.05"]

1. Nf3 c6 2. c4 d5 3. e3 Nf6 4. b3 Bg4 5. Bb2 Nbd7 6. Be2 e6 7. h3 Bh5 8. d3 h6
9. Nbd2 Bd6 10. e4 O-O 11. e5 1-0

[Event "83rd YMCA Autumn B"]
[Site "Warszawa"]
[Date "2010.10.20"]
[Round "4"]
[White "Rozowski, Marcin"]
[Black "Sujkowski, Pawel"]
[Result "1/2-1/2"]
[WhiteElo "1892"]
[BlackElo "1938"]
[Annotator "Admin"]
[PlyCount "40"]
[EventDate "2010.09.23"]
[EventType "tourn"]
[EventRounds "1"]
[EventCountry "POL"]
[SourceDate "2010.10.05"]

1. e4 c5 2. Nf3 g6 3. c3 Bg7 4. d4 cxd4 5. cxd4 d5 6. e5 Bg4 7. Nc3 Nc6 8. Be3
f6 9. exf6 Nxf6 10. Be2 O-O 11. O-O Rc8 12. Rc1 Ne4 13. Qb3 Nxc3 14. bxc3 Qd7
15. Rfe1 Na5 16. Qd1 Nc4 17. Nd2 Nxe3 18. fxe3 Bxe2 19. Qxe2 b5 20. Nb3 e5 $11
1/2-1/2

[Event "83rd YMCA Autumn B"]
[Site "Warszawa"]
[Date "2010.10.14"]
[Round "4"]
[White "Kadzinski, Wieslaw"]
[Black "Sielicki, Tomasz"]
[Result "0-1"]
[WhiteElo "1996"]
[BlackElo "2022"]
[PlyCount "74"]
[EventDate "2010.09.23"]
[EventType "tourn"]
[EventRounds "1"]
[EventCountry "POL"]
[SourceDate "2010.10.05"]

1. e4 g6 2. d4 Bg7 3. Nc3 d6 4. f4 a6 5. Be3 b5 6. Nf3 Nd7 7. a4 b4 8. Na2 c5
9. c3 Ngf6 10. dxc5 Nxe4 11. Qd5 Rb8 12. Qxe4 bxc3 13. bxc3 O-O 14. c6 Nf6 15.
Qc2 Ng4 16. Bd4 e5 17. fxe5 Re8 18. Bc4 Bf5 19. Qd2 Bh6 20. Qe2 Qa5 21. h3 Nf6
22. O-O Ne4 23. Rfb1 Rxb1+ 24. Rxb1 Ng3 25. Bxf7+ Kxf7 26. Qc4+ Be6 27. Rb7+
Kg8 28. Qb4 Qd8 29. c7 Qd7 30. Qxd6 Qxa4 31. Qxe6+ Rxe6 32. c8=Q+ Re8 33. Qc7
Qd1+ 34. Kh2 Nf1+ 35. Kg1 Ne3+ 36. Kf2 Qf1+ 37. Kg3 Qxg2+ 0-1

[Event "83rd YMCA Autumn B"]
[Site "Warszawa"]
[Date "2010.09.27"]
[Round "4"]
[White "Krasiewicz, Robert"]
[Black "Rogalski, Krzysztof"]
[Result "1-0"]
[WhiteElo "2035"]
[BlackElo "1927"]
[PlyCount "89"]
[EventDate "2010.09.23"]
[EventType "tourn"]
[EventRounds "1"]
[EventCountry "POL"]
[SourceDate "2010.10.05"]

1. d4 Nf6 2. c4 e6 3. Nf3 Bb4+ 4. Nbd2 b6 5. g3 Bb7 6. Bg2 O-O 7. O-O c5 8. Nb3
cxd4 9. Nbxd4 d5 10. Qa4 Be7 11. Rd1 Qd7 12. Qc2 Qc8 13. Ne5 dxc4 14. Bxb7 Qxb7
15. Qxc4 Rc8 16. Qb3 Qd5 17. Ndc6 Qxb3 18. Nxe7+ Kf8 19. axb3 Kxe7 20. Bg5 h6
21. Bd2 Nc6 22. Nc4 Ne4 23. Be3 Rd8 24. Rdc1 Rac8 25. Ra6 Nc5 26. Ra3 Rd7 27.
Rca1 f6 28. b4 Nxb4 29. Rxa7 Nd5 30. b4 Rxa7 31. Rxa7+ Nd7 32. Nxb6 N5xb6 33.
Bxb6 e5 34. Bc7 Ke6 35. e4 g6 36. b5 f5 37. f3 h5 38. b6 g5 39. Ra6 Ke7 40.
exf5 g4 41. fxg4 hxg4 42. Kg2 Nc5 43. Ra5 Nd7 44. Rd5 Ke8 45. f6 1-0

[Event "83rd YMCA Autumn B"]
[Site "Warszawa"]
[Date "2010.10.12"]
[Round "5"]
[White "Rogalski, Krzysztof"]
[Black "Rzepecka, Dorota"]
[Result "1-0"]
[WhiteElo "1927"]
[BlackElo "1888"]
[PlyCount "109"]
[EventDate "2010.09.23"]
[EventType "tourn"]
[EventRounds "1"]
[EventCountry "POL"]
[SourceDate "2010.10.05"]

1. d4 d5 2. Nf3 Nf6 3. c4 e6 4. Nc3 c5 5. Bg5 cxd4 6. Nxd4 Be7 7. e3 O-O 8. Rc1
a6 9. cxd5 exd5 10. Be2 h6 11. Bh4 Nc6 12. O-O Nxd4 13. Qxd4 Be6 14. Rfd1 Qa5
15. Bf3 Rfd8 16. Bg3 Rac8 17. a3 Rc4 18. Qd2 Rdc8 19. Be5 Ne4 20. Bxe4 dxe4 21.
Bd4 Qg5 22. Nxe4 Qg6 23. Rxc4 Rxc4 24. Nc3 Bg4 25. Rc1 Bf3 26. g3 Qg4 27. Qd3
Rxc3 28. Rxc3 Be4 29. Qd2 Qf3 30. Kf1 Bf5 31. e4 Bh3+ 32. Ke1 Qh1+ 33. Ke2 Bf1+
34. Ke3 Qxh2 35. Qe1 Qg1 36. Kd2 Bg5+ 37. Be3 Bxe3+ 38. Kxe3 Qg2 39. Rc1 Bb5
40. Qh1 Qxh1 41. Rxh1 Kf8 42. Kd4 Ke7 43. Rc1 Bc6 44. b4 Ke6 45. f4 f5 46. e5
Kd7 47. Kc5 Kc7 48. Rd1 b6+ 49. Kc4 Be8 50. e6 g5 51. Kd5 gxf4 52. gxf4 Kd8 53.
Ke5+ Ke7 54. Kxf5 h5 55. Ke5 1-0

[Event "83rd YMCA Autumn B"]
[Site "Warszawa"]
[Date "2010.11.03"]
[Round "5"]
[White "Sielicki, Tomasz"]
[Black "Krasiewicz, Robert"]
[Result "1-0"]
[WhiteElo "2022"]
[BlackElo "2035"]
[PlyCount "75"]
[EventDate "2010.09.23"]
[EventType "tourn"]
[EventRounds "1"]
[EventCountry "POL"]
[SourceDate "2010.10.05"]

1. d4 Nf6 2. Bg5 Ne4 3. h4 h6 4. Bf4 c5 5. d5 Qb6 6. Nd2 Nxd2 7. Bxd2 Qxb2 8.
e4 g6 9. Rb1 Qe5 10. Bd3 Bg7 11. f4 Qc7 12. Qe2 d6 13. h5 gxh5 14. Rxh5 Nd7 15.
Nf3 Nf6 16. Rh4 Bd7 17. c4 O-O-O 18. e5 Ne8 19. Bc3 e6 20. Kf2 b6 21. Be4 f6
22. Qb2 dxe5 23. fxe5 f5 24. Bc2 Qb7 25. Rd1 Nc7 26. d6 Na6 27. a4 Nb8 28. a5
Nc6 29. axb6 Qxb6 30. Rb1 Qxb2 31. Rxb2 Be8 32. Rh1 Bf8 33. Rhb1 Rh7 34. Ba4
Bxd6 35. exd6 Rxd6 36. Ne5 Kd8 37. Nxc6+ Bxc6 38. Be5 1-0

[Event "83rd YMCA Autumn B"]
[Site "Warszawa"]
[Date "2010.10.21"]
[Round "5"]
[White "Skladzien, Romuald"]
[Black "Rozowski, Marcin"]
[Result "1/2-1/2"]
[WhiteElo "1937"]
[BlackElo "1892"]
[Annotator "Admin"]
[PlyCount "112"]
[EventDate "2010.09.23"]
[EventType "tourn"]
[EventRounds "1"]
[EventCountry "POL"]
[SourceDate "2010.10.05"]

1. c4 c6 2. d4 d5 3. e3 Nf6 4. Nc3 e6 5. Nf3 Be7 6. Bd3 O-O 7. O-O Nbd7 8. e4
dxe4 9. Nxe4 Nxe4 10. Bxe4 Nf6 11. Bc2 c5 12. Be3 Qc7 13. Qe2 b6 14. h3 Bb7 15.
Rac1 Rad8 16. Rfd1 Qc6 17. Ne1 Rd7 18. dxc5 Rxd1 19. Rxd1 Bxc5 20. b3 Bxe3 21.
Qxe3 Qc7 22. Qd4 h6 23. Qd6 Qxd6 24. Rxd6 Rc8 25. f3 Kf8 26. Kf2 Ke7 27. Rd2
Nd7 28. Nd3 Nc5 29. Ne5 Rc7 30. Ke3 a5 31. a3 Nd7 32. Ng4 a4 33. Nf2 axb3 34.
Bxb3 Ba6 35. Rc2 Nc5 36. Ba2 Rd7 37. Rd2 Rxd2 38. Kxd2 Kd6 39. Ke3 Bb7 40. g3
f6 41. f4 e5 42. fxe5+ Kxe5 43. Ng4+ Kd6 44. Nf2 Bc8 45. g4 Ke5 46. Bb1 Be6 47.
Nd3+ Nxd3 48. Bxd3 h5 49. Be2 hxg4 50. hxg4 g6 51. a4 g5 52. Kd3 Bd7 53. Bd1 f5
54. gxf5 Bxf5+ 55. Kc3 g4 56. Bxg4 Bxg4 $11 1/2-1/2

[Event "83rd YMCA Autumn B"]
[Site "Warszawa"]
[Date "2010.10.21"]
[Round "5"]
[White "Grochulski, Grzegorz"]
[Black "Kielar, Maciej"]
[Result "1/2-1/2"]
[WhiteElo "2018"]
[BlackElo "2029"]
[PlyCount "69"]
[EventDate "2010.09.23"]
[EventType "tourn"]
[EventRounds "1"]
[EventCountry "POL"]
[SourceDate "2010.10.05"]

1. e4 c5 2. Nf3 g6 3. d4 cxd4 4. Nxd4 Bg7 5. Nc3 Nc6 6. Be3 Nf6 7. Bc4 O-O 8.
Bb3 d6 9. h3 Bd7 10. O-O Qa5 11. Re1 Rfc8 12. Qe2 a6 13. Rad1 Rab8 14. Nf3 Qh5
15. Bf4 Rd8 16. e5 dxe5 17. Nxe5 Nxe5 18. Bxe5 Qxe2 19. Rxe2 Bb5 20. Rxd8+ Rxd8
21. Nxb5 axb5 22. g4 e6 23. g5 Ne8 24. Bxg7 Kxg7 25. Kg2 Kf8 26. Re4 Rd2 27.
Kf3 Nd6 28. Re2 Rd1 29. Kg2 Rd4 30. c3 Rd3 31. Bc2 Rd5 32. h4 Ke7 33. f4 Kd7
34. Kf3 Ke7 35. Kg2 1/2-1/2

[Event "83rd YMCA Autumn B"]
[Site "Warszawa"]
[Date "2010.10.21"]
[Round "5"]
[White "Szymczak, Rafal"]
[Black "Suchocki, Tomasz"]
[Result "1-0"]
[WhiteElo "2045"]
[BlackElo "1976"]
[PlyCount "81"]
[EventDate "2010.09.23"]
[EventType "tourn"]
[EventRounds "1"]
[EventCountry "POL"]
[SourceDate "2010.10.05"]

1. f4 d5 2. Nf3 g6 3. g3 c6 4. d3 Qb6 5. e4 dxe4 6. dxe4 Bg7 7. c3 Nf6 8. Qe2
Bg4 9. Bg2 O-O 10. Be3 Qa6 11. Qxa6 Nxa6 12. Nbd2 Nd7 13. h3 Bxf3 14. Bxf3 Nac5
15. O-O-O b5 16. Nb3 Nxb3+ 17. axb3 Nb6 18. e5 Rac8 19. Bxb6 axb6 20. Rd7 f6
21. e6 Rfd8 22. Rhd1 Rxd7 23. exd7 Rd8 24. Bxc6 e5 25. fxe5 fxe5 26. Bxb5 Kf7
27. Rd6 Bh6+ 28. Kc2 Be3 29. Kd3 Bc5 30. Rd5 Ke6 31. Ke4 Bd6 32. b4 Ke7 33. c4
Bxb4 34. Rxe5+ Kd6 35. Re8 Kc7 36. Kd5 Bc5 37. Ke6 Bf2 38. g4 h5 39. Kf6 hxg4
40. hxg4 Bd4+ 41. Kxg6 1-0

[Event "83rd YMCA Autumn B"]
[Site "Warszawa"]
[Date "2010.10.21"]
[Round "5"]
[White "Kosny, Marek"]
[Black "Jarmula, Pawel"]
[Result "0-1"]
[WhiteElo "1993"]
[BlackElo "1977"]
[PlyCount "60"]
[EventDate "2010.09.23"]
[EventType "tourn"]
[EventRounds "1"]
[EventCountry "POL"]
[SourceDate "2010.10.05"]

1. Nf3 d5 2. d4 Nf6 3. g3 e6 4. Bg2 Be7 5. O-O O-O 6. c4 c6 7. Nc3 dxc4 8. Ne5
Nd5 9. Nxc4 b5 10. Ne5 f6 11. Nd3 Bb7 12. Qb3 a5 13. a4 b4 14. Ne4 Na6 15. Rd1
f5 16. Nec5 Nxc5 17. dxc5 Ba6 18. Ne5 Bxc5 19. Nxc6 Qb6 20. Ne5 Bxf2+ 21. Kh1
Rad8 22. Bg5 Rd6 23. Bxd5 Rxd5 24. Rxd5 Bb7 25. Rad1 exd5 26. Nd7 Qe6 27. Qf3
Qxd7 28. Qxf2 Qxa4 29. Qd4 Re8 30. Rc1 Qd7 0-1

[Event "83rd YMCA Autumn B"]
[Site "Warszawa"]
[Date "2010.11.04"]
[Round "6"]
[White "Suchocki, Tomasz"]
[Black "Kosny, Marek"]
[Result "1/2-1/2"]
[WhiteElo "1976"]
[BlackElo "1993"]
[Annotator "Admin"]
[PlyCount "43"]
[EventDate "2010.09.23"]
[EventType "tourn"]
[EventRounds "1"]
[EventCountry "POL"]
[SourceDate "2010.10.05"]

1. d4 Nf6 2. Nf3 d5 3. e3 Bg4 4. h3 Bh5 5. Nbd2 e6 6. c4 Be7 7. Qb3 Qc8 8. cxd5
Nxd5 9. e4 Nf6 10. e5 Nd5 11. Bc4 c6 12. O-O O-O 13. Ne4 Bg6 14. Re1 h6 15. Bd2
Nd7 16. Rac1 N7b6 17. Bd3 Qd7 18. a3 Rfe8 19. Bb1 Rad8 20. Ba2 Nc7 21. Qe3 Nb5
22. Nc5 $11 1/2-1/2

[Event "83rd YMCA Autumn B"]
[Site "Warszawa"]
[Date "2010.11.04"]
[Round "6"]
[White "Rozowski, Marcin"]
[Black "Grochulski, Grzegorz"]
[Result "1/2-1/2"]
[WhiteElo "1892"]
[BlackElo "2018"]
[Annotator "Admin"]
[PlyCount "111"]
[EventDate "2010.09.23"]
[EventType "tourn"]
[EventRounds "1"]
[EventCountry "POL"]
[SourceDate "2010.10.05"]

1. e4 g6 2. d4 Bg7 3. Nc3 d6 4. Nf3 Nd7 5. Be3 c6 6. Qd2 Qc7 7. Be2 Ngf6 8. Bh6
O-O 9. Bxg7 Kxg7 10. O-O b5 11. Bd3 Bb7 12. Rfe1 e5 13. a4 b4 14. Na2 a5 15.
dxe5 dxe5 16. b3 Nc5 17. Qe3 Ne6 18. Bc4 Ng4 19. Qc1 Qb6 20. Re2 Nf4 21. Rd2
Ba6 22. Qf1 Bxc4 23. Qxc4 Rad8 24. Qf1 Rxd2 25. Nxd2 Rd8 26. Nf3 f5 27. Re1
fxe4 28. Rxe4 Rd1 29. Re1 Rxe1 30. Qxe1 e4 31. h3 Nf6 32. Nd2 Qd4 33. Nc4 N6d5
34. Nc1 Nc3 35. Qd2 Qf6 36. Qd7+ Kh6 37. Qg4 g5 38. g3 Ng6 39. Ne2 Nd1 40. Nf4
Nxf2 41. Kxf2 gxf4 42. gxf4 Nxf4 43. Kg3 Nh5+ 44. Kg2 Qc3 45. Qxe4 Qg3+ 46. Kf1
Qxh3+ 47. Ke1 Qg3+ 48. Kd1 Qg1+ 49. Kd2 Qg5+ 50. Kd1 c5 51. Ne5 Qg1+ 52. Kd2
Qf2+ 53. Kd1 Qg1+ 54. Kd2 Qg5+ 55. Kd1 Qg1+ 56. Kd2 $11 1/2-1/2

[Event "83rd YMCA Autumn B"]
[Site "Warszawa"]
[Date "2010.11.04"]
[Round "6"]
[White "Kadzinski, Wieslaw"]
[Black "Skladzien, Romuald"]
[Result "1/2-1/2"]
[WhiteElo "1996"]
[BlackElo "1937"]
[Annotator "Admin"]
[PlyCount "92"]
[EventDate "2010.09.23"]
[EventType "tourn"]
[EventRounds "1"]
[EventCountry "POL"]
[SourceDate "2010.10.05"]

1. e4 c6 2. d4 d5 3. Nc3 dxe4 4. Nxe4 Bf5 5. Ng3 Bg6 6. Nf3 Nd7 7. h4 h6 8. h5
Bh7 9. Bd3 Bxd3 10. Qxd3 Ngf6 11. Bf4 Qa5+ 12. Bd2 Qc7 13. O-O-O O-O-O 14. Qe2
e6 15. Ne5 Nxe5 16. dxe5 Nd7 17. f4 Be7 18. Kb1 Rhe8 19. Be3 Kb8 20. Ne4 Nb6
21. c4 f5 22. Nd6 Rf8 23. Rd2 c5 24. Rhd1 Nc8 25. Nb5 Qc6 26. Nc3 a6 27. g4 b6
28. Rxd8 Rxd8 29. Rxd8 Bxd8 30. gxf5 exf5 31. Qd1 Bc7 32. Qd5 Qe8 33. Qf3 g6
34. hxg6 Qxg6 35. Nd5 Bxe5 36. a4 Bd6 37. a5 bxa5 38. Bd2 Qg1+ 39. Kc2 Qd4 40.
Qb3+ Ka7 41. Qa4 Nb6 42. Nxb6 Kxb6 43. Bxa5+ Kb7 44. Qd7+ Kb8 45. Qd8+ Kb7 46.
Qd7+ Kb8 $11 1/2-1/2

[Event "83rd YMCA Autumn B"]
[Site "Warszawa"]
[Date "2010.11.04"]
[Round "6"]
[White "Krasiewicz, Robert"]
[Black "Sujkowski, Pawel"]
[Result "0-1"]
[WhiteElo "2035"]
[BlackElo "1938"]
[PlyCount "78"]
[EventDate "2010.09.23"]
[EventType "tourn"]
[EventRounds "1"]
[EventCountry "POL"]
[SourceDate "2010.10.05"]

1. Nf3 Nf6 2. d4 e6 3. g3 d5 4. Bg2 Nbd7 5. O-O b5 6. a4 b4 7. a5 c5 8. dxc5
Bxc5 9. Nbd2 Ba6 10. Nb3 Bd6 11. Re1 Qc7 12. Nfd4 O-O 13. f3 Rfc8 14. Be3 Bf8
15. Rc1 g6 16. Nd2 Nc5 17. c3 bxc3 18. Rxc3 Qxa5 19. Ra3 Qb4 20. Qa1 Bb7 21.
Nc2 Qb5 22. Ra5 Qe8 23. Rxa7 Rxa7 24. Qxa7 Ra8 25. Qb6 Nfd7 26. Qc7 Ra6 27. Qf4
e5 28. Qh4 Ra4 29. f4 Ne6 30. Bh3 g5 31. Qg4 d4 32. Bf2 exf4 33. gxf4 Nf6 34.
Qf5 Qc6 35. Nf3 Ng7 36. Qxg5 Ne4 37. Ncxd4 Nxg5 38. Nxc6 Nxh3+ 39. Kg2 Nxf4+
0-1

[Event "83rd YMCA Autumn B"]
[Site "Warszawa"]
[Date "2010.11.02"]
[Round "6"]
[White "Rogalski, Krzysztof"]
[Black "Sielicki, Tomasz"]
[Result "0-1"]
[WhiteElo "1927"]
[BlackElo "2022"]
[PlyCount "50"]
[EventDate "2010.09.23"]
[EventType "tourn"]
[EventRounds "1"]
[EventCountry "POL"]
[SourceDate "2010.10.05"]

1. d4 d6 2. c4 e5 3. Nf3 e4 4. Nfd2 f5 5. e3 Nf6 6. Nc3 Be7 7. Be2 c6 8. O-O
O-O 9. Rb1 Be6 10. f3 d5 11. b4 Nbd7 12. c5 Qe8 13. Qb3 Qg6 14. Bd1 f4 15.
Ndxe4 Nxe4 16. fxe4 dxe4 17. Qc2 f3 18. Rf2 Bh4 19. g3 Bxg3 20. hxg3 Qxg3+ 21.
Kh1 Rf6 22. Bxf3 exf3 23. Bb2 Rh6+ 24. Rh2 f2 25. Rxh6 gxh6 0-1

[Event "83rd YMCA Autumn B"]
[Site "Warszawa"]
[Date "2010.11.09"]
[Round "7"]
[White "Sielicki, Tomasz"]
[Black "Rzepecka, Dorota"]
[Result "1/2-1/2"]
[WhiteElo "2022"]
[BlackElo "1888"]
[PlyCount "86"]
[EventDate "2010.09.23"]
[EventType "tourn"]
[EventRounds "1"]
[EventCountry "POL"]
[SourceDate "2010.10.05"]

1. d4 d5 2. Bg5 Bf5 3. c4 c6 4. Nc3 h6 5. Bh4 g5 6. Bg3 e6 7. Qb3 Qb6 8. c5
Qxb3 9. axb3 Nd7 10. b4 Bg7 11. e3 Ne7 12. Nf3 O-O 13. b5 Ng6 14. bxc6 bxc6 15.
Ba6 g4 16. Nd2 e5 17. Bb7 exd4 18. exd4 Rae8+ 19. Kd1 Re6 20. Re1 Rxe1+ 21.
Kxe1 Bxd4 22. Nb3 Bxc3+ 23. bxc3 Re8+ 24. Kd1 Nge5 25. Nd4 Be4 26. Nxc6 Nd3 27.
Nb4 N7xc5 28. Nxd3 Nxd3 29. Rxa7 Bxg2 30. Kd2 Nc5 31. Ra8 Ne4+ 32. Kd3 Rxa8 33.
Bxa8 Nxc3 34. Kxc3 d4+ 35. Kxd4 Bxa8 36. Ke5 Kg7 37. Kf4 Bf3 38. Kf5 Bd1 39.
Be5+ Kh7 40. Kf6 Bb3 41. Kf5 Be6+ 42. Kf6 Bb3 43. Kf5 Be6+ 1/2-1/2

[Event "83rd YMCA Autumn B"]
[Site "Warszawa"]
[Date "2010.11.10"]
[Round "7"]
[White "Sujkowski, Pawel"]
[Black "Rogalski, Krzysztof"]
[Result "1-0"]
[WhiteElo "1938"]
[BlackElo "1927"]
[PlyCount "111"]
[EventDate "2010.09.23"]
[EventType "tourn"]
[EventRounds "1"]
[EventCountry "POL"]
[SourceDate "2010.10.05"]

1. d4 Nf6 2. c4 e6 3. Nc3 Bb4 4. e3 b6 5. f3 O-O 6. e4 d5 7. e5 Nfd7 8. cxd5
exd5 9. f4 c5 10. a3 Ba5 11. Nf3 Nc6 12. Be2 Re8 13. O-O Nxd4 14. Nxd4 Bxc3 15.
bxc3 cxd4 16. cxd4 Bb7 17. Bd3 f6 18. Qh5 Nf8 19. a4 g6 20. Qe2 f5 21. Be3 Ne6
22. g4 fxg4 23. Qxg4 Ng7 24. f5 Bc8 25. Qg2 Bxf5 26. Bxf5 gxf5 27. Bh6 Qd7 28.
Rxf5 Kh8 29. Bxg7+ Qxg7 30. Rg5 Qd7 31. Kh1 Rg8 32. Rg1 Rxg5 33. Qxg5 Qf7 34.
Qe3 Qf5 35. Re1 Qe6 36. Rf1 Rg8 37. Qf4 Qg4 38. Qf6+ Qg7 39. h3 h6 40. Kh2 Kh7
41. Qf7 Kh8 42. Qxg7+ Rxg7 43. Rf6 Rc7 44. Rxh6+ Kg7 45. Rd6 Rc4 46. Rd7+ Kf8
47. a5 Rxd4 48. a6 Ra4 49. Rxa7 b5 50. Ra8+ Kg7 51. e6 Kf6 52. a7 Ra2+ 53. Kg3
Ra3+ 54. Kf4 Ra4+ 55. Kf3 Ra3+ 56. Ke2 1-0

[Event "83rd YMCA Autumn B"]
[Site "Warszawa"]
[Date "2010.11.11"]
[Round "7"]
[White "Szymczak, Rafal"]
[Black "Rozowski, Marcin"]
[Result "1/2-1/2"]
[WhiteElo "2045"]
[BlackElo "1892"]
[Annotator "Admin"]
[PlyCount "23"]
[EventDate "2010.09.23"]
[EventType "tourn"]
[EventRounds "1"]
[EventCountry "POL"]
[SourceDate "2010.10.05"]

1. f4 c5 2. Nf3 Nc6 3. g3 g6 4. Bg2 Bg7 5. O-O Nf6 6. d3 d6 7. c3 O-O 8. e4 e6
9. Qe2 Qc7 10. Na3 a6 11. Nc2 b5 12. Bd2 $11 1/2-1/2

[Event "83rd YMCA Autumn B"]
[Site "Warszawa"]
[Date "2010.11.03"]
[Round "7"]
[White "Kosny, Marek"]
[Black "Kielar, Maciej"]
[Result "0-1"]
[WhiteElo "1993"]
[BlackElo "2029"]
[PlyCount "130"]
[EventDate "2010.09.23"]
[EventType "tourn"]
[EventRounds "1"]
[EventCountry "POL"]
[SourceDate "2010.10.05"]

1. Nf3 g6 2. c4 Bg7 3. Nc3 c5 4. g3 Nc6 5. Bg2 e5 6. O-O f5 7. d3 Nf6 8. Bg5 h6
9. Be3 d6 10. a3 O-O 11. Rb1 a5 12. h3 g5 13. Nxg5 hxg5 14. Bxg5 Qe8 15. f4 Be6
16. Nb5 Qd7 17. e3 Rae8 18. Qd2 Nh7 19. Bh4 Bf6 20. Bxf6 Rxf6 21. Kh2 Rg6 22.
Bf3 Nf6 23. Rg1 Re7 24. Nc3 Rh7 25. Nd5 Ng4+ 26. Bxg4 fxg4 27. h4 Bxd5 28. cxd5
Ne7 29. fxe5 Nxd5 30. e4 Ne7 31. Qxa5 Nc6 32. Qa8+ Kg7 33. Rgf1 Rh8 34. e6 Rxe6
35. Qa4 Ne5 36. Qxd7+ Nxd7 37. Rf4 Ne5 38. b4 b6 39. Rb3 Rf8 40. Kg2 Ref6 41.
bxc5 dxc5 42. a4 R8f7 43. Rb5 Nxd3 44. Rxg4+ Kh7 45. Rg5 Ra7 46. Rd5 Ne1+ 47.
Kh3 Rxa4 48. Rd7+ Kg6 49. e5 Re6 50. Rd6 Kf7 51. Rbxb6 Rxe5 52. Rf6+ Ke7 53.
Rh6 Rae4 54. Rh7+ Kf8 55. Rb8+ Re8 56. Rh8+ Kf7 57. Rb7+ R4e7 58. Rh7+ Kf6 59.
Rh6+ Ke5 60. Rb5 Kd4 61. Rd6+ Kc4 62. Rdb6 Re3 63. Ra5 Nd3 64. h5 Rg8 65. Rg6
Nf4+ 0-1

[Event "83rd YMCA Autumn B"]
[Site "Warszawa"]
[Date "2010.11.12"]
[Round "7"]
[White "Jarmula, Pawel"]
[Black "Suchocki, Tomasz"]
[Result "1-0"]
[WhiteElo "1977"]
[BlackElo "1976"]
[Annotator "Admin"]
[PlyCount "71"]
[EventDate "2010.09.23"]
[EventType "tourn"]
[EventRounds "1"]
[EventCountry "POL"]
[SourceDate "2010.10.05"]

1. e4 c5 2. Nf3 e6 3. b3 d6 4. Bb2 e5 5. c3 Nf6 6. Qc2 Bg4 7. Be2 Nc6 8. Na3
Rc8 9. d3 Be7 10. Nc4 O-O 11. Ne3 Be6 12. O-O h6 $11 13. Rfe1 Re8 14. Rad1 d5
15. exd5 Nxd5 16. Nxd5 Qxd5 17. d4 cxd4 18. Bc4 Qa5 19. Bxe6 fxe6 20. cxd4 Nxd4
21. Qe4 Nxf3+ 22. Qxf3 Bf6 23. Qxb7 Rc2 24. b4 Rxb2 25. Qc6 Qb6 26. Qxe8+ Kh7
27. Rf1 e4 28. Qa8 Rxb4 29. a3 Ra4 30. Qf8 e3 31. fxe3 Qxe3+ 32. Kh1 Qxa3 33.
Rxf6 Rd4 34. Rxd4 Qa1+ 35. Rf1 Qxd4 36. Qf2 1-0

[Event "83rd YMCA Autumn B"]
[Site "Warszawa"]
[Date "2010.11.18"]
[Round "8"]
[White "Rzepecka, Dorota"]
[Black "Suchocki, Tomasz"]
[Result "1/2-1/2"]
[WhiteElo "1888"]
[BlackElo "1976"]
[Annotator "Admin"]
[PlyCount "46"]
[EventDate "2010.09.23"]
[EventType "tourn"]
[EventRounds "1"]
[EventCountry "POL"]
[SourceDate "2010.10.05"]

1. e4 c5 2. c3 e6 3. d4 d5 4. exd5 exd5 5. Nf3 Nc6 6. Be2 Bd6 7. O-O Nge7 8.
Be3 c4 9. b3 cxb3 10. axb3 O-O 11. c4 Bf5 12. Nc3 Rc8 13. Nh4 Be6 14. Bd3 Nb4
15. c5 Bb8 16. Bb1 Ng6 17. Nf5 Nh4 18. Qg4 Bxf5 19. Bxf5 Nxf5 20. Qxf5 Rc6 21.
Bg5 f6 22. Bf4 g6 23. Qg4 b6 $11 1/2-1/2

[Event "83rd YMCA Autumn B"]
[Site "Warszawa"]
[Date "2010.11.18"]
[Round "8"]
[White "Kielar, Maciej"]
[Black "Jarmula, Pawel"]
[Result "1/2-1/2"]
[WhiteElo "2029"]
[BlackElo "1977"]
[Annotator "Admin"]
[PlyCount "58"]
[EventDate "2010.09.23"]
[EventType "tourn"]
[EventRounds "1"]
[EventCountry "POL"]
[SourceDate "2010.10.05"]

1. Nf3 Nf6 2. c4 g6 3. b3 Bg7 4. Bb2 O-O 5. e3 d5 6. cxd5 Nxd5 7. Bxg7 Kxg7 8.
d4 f5 9. Nbd2 b6 10. Nc4 e6 11. Rc1 Nd7 12. Be2 Bb7 13. O-O g5 14. Nfe5 g4 15.
e4 Nf4 16. Nxd7 Qxd7 17. Ne5 Qd6 18. Qd2 Nxe2+ 19. Qxe2 Bxe4 20. Nxg4 Kh8 21.
Rfd1 Bxg2 22. Kxg2 Qd5+ 23. Kg3 fxg4 24. Qe5+ Qxe5+ 25. dxe5 Rf3+ 26. Kxg4 Rxf2
27. Rxc7 Rg8+ 28. Kh3 Rf5 29. Kh4 Rxe5 $11 1/2-1/2

[Event "83rd YMCA Autumn B"]
[Site "Warszawa"]
[Date "2010.11.18"]
[Round "8"]
[White "Rozowski, Marcin"]
[Black "Kosny, Marek"]
[Result "0-1"]
[WhiteElo "1892"]
[BlackElo "1993"]
[PlyCount "68"]
[EventDate "2010.09.23"]
[EventType "tourn"]
[EventRounds "1"]
[EventCountry "POL"]
[SourceDate "2010.10.05"]

1. e4 Nf6 2. e5 Nd5 3. d4 d6 4. Nf3 Bg4 5. Be2 Nc6 6. O-O e6 7. c4 Nb6 8. exd6
cxd6 9. d5 Bxf3 10. gxf3 Ne5 11. f4 Ng6 12. dxe6 fxe6 13. c5 dxc5 14. Bb5+ Nd7
15. Qe2 Qf6 16. Rd1 O-O-O 17. Nc3 Be7 18. Be3 Rhf8 19. Ne4 Nxf4 20. Bxf4 Qxf4
21. Rac1 Ne5 22. Nxc5 Rxd1+ 23. Qxd1 Qxf2+ 24. Kh1 Bxc5 25. b4 Rd8 26. Qh5 Kb8
27. Qxe5+ Bd6 28. Qh5 Qf5 29. Qe2 Bxb4 30. Bc4 e5 31. Rf1 Qg5 32. Rg1 Qf6 33.
Rf1 Qc6+ 34. Rf3 e4 0-1

[Event "83rd YMCA Autumn B"]
[Site "Warszawa"]
[Date "2010.11.18"]
[Round "8"]
[White "Kadzinski, Wieslaw"]
[Black "Szymczak, Rafal"]
[Result "1-0"]
[WhiteElo "1996"]
[BlackElo "2045"]
[Annotator "Admin"]
[PlyCount "65"]
[EventDate "2010.09.23"]
[EventType "tourn"]
[EventRounds "1"]
[EventCountry "POL"]
[SourceDate "2010.10.05"]

1. e4 c6 2. d4 d5 3. e5 Bf5 4. Nc3 e6 5. g4 Bg6 6. Nge2 c5 7. h4 h6 8. f4 Nc6
9. Be3 Qa5 10. Qd2 O-O-O 11. Bh3 h5 12. f5 hxg4 13. fxg6 gxh3 14. gxf7 $11 Nh6
15. O-O-O $11 cxd4 16. Nxd4 Nxd4 17. Bxd4 Be7 18. Rxh3 Nxf7 19. Qe2 Rxh4 20.
Rxh4 Bxh4 21. Qh5 Bg5+ 22. Kb1 Qc7 23. Rf1 Rh8 24. Qg6 Qe7 $11 25. Nb5 Nd8 26.
Bxa7 Bh6 27. Nd6+ Kc7 28. Qd3 Rf8 29. Rxf8 Qxf8 30. Qb5 Qf4 31. Qc5+ Kd7 32.
Qc8+ Ke7 33. Qc7+ 1-0